Bau und Entwicklung der Infloreszenz von Phyllorhachis sagittata Trim. /
Guardado en:
| Autor Principal: | |
|---|---|
| Otros Autores: | |
| Formato: | Libro |
| Idioma: | German |
| Publicado: |
Mainz :
Akademie der Wissenschaften und der Literatur : in Kommission bei F. Steiner, Wiesbaden,
[1952]
|
| Series: | Abhandlungen der Mathematisch-Naturwissenschaftlichen Klasse, Akademie der Wissenschaften und der Literatur ;
Jahrg. 1952, Nr. 2. |
| Etiquetas: |
Agregar Etiqueta
Sin Etiquetas, Sea el primero en etiquetar este registro!
|
| LEADER | 00919nam a22001695a 4500 | ||
|---|---|---|---|
| 001 | EEA.libagro001097 | ||
| 005 | 20150806122604.0 | ||
| 008 | 130809s1952####gw#a##########000#0#ger#d | ||
| 082 | 0 | 4 | |a 584.9044 |
| 100 | 1 | |a Troll, Wilhelm, |d 1897- | |
| 245 | 1 | 0 | |a Bau und Entwicklung der Infloreszenz von Phyllorhachis sagittata Trim. / |c Von Wilhelm Troll und Anneliese Meister. Mit 8 Abbildungen im Text. |
| 260 | |a Mainz : |b Akademie der Wissenschaften und der Literatur : |b in Kommission bei F. Steiner, Wiesbaden, |c [1952] | ||
| 300 | |a 17 p. : |b il. ; |c 26 cm. | ||
| 490 | 1 | |a Akademie der Wissenschaften und der Literatur. Abhandlungen der Mathematisch-naturwissenschaftlichen Klasse ; |v Jahrg. 1952, Nr. 2 | |
| 700 | 1 | |a Meister, Anneliese. | |
| 830 | 0 | |a Abhandlungen der Mathematisch-Naturwissenschaftlichen Klasse, Akademie der Wissenschaften und der Literatur ; |v Jahrg. 1952, Nr. 2. | |
| 859 | |a AR-BbBCA |b BIB. AGRONOMIA |h 584.9044 |i T846 |p 1962/0048 | ||
